00660 2200241 4500001002100000005001500021035002000036007000300056008004100059020001800100082001000118084001600128100001000144245009700154260004500251300003100296650001200327700002300339700001800362520001400380990001200394990001200406INLIS00000000000181020180327101912 a0010-0318000153ta180327 g 0 ind  a9786020326269 a641.5 a641.5 NAD m0 aNADIA1 aMakanan Hits Anak Gaul :bMy Kitchen Diary /cNadia; editor, Intarina Hardiman, Yudho Asmoro aJakarta :bGramedia Pustaka Utama,c2016 a58 hlm. :bilus. ;c23 cm. aMASAKAN0 aINTARINA, Hardiman0 aYUDHO, Asmoro aglosarium a16513 a a16513 b